| 000 | 00949cab a2200229 4500 | ||
|---|---|---|---|
| 001 | X91741 | ||
| 008 | 090401t1998 xxu||||| |||| 00| 0 eng d | ||
| 035 | _a(Sirsi) u86240 | ||
| 041 | _aeng | ||
| 245 | _aInterpretation of covenant | ||
| 260 | _c1998 | ||
| 350 | _a0 | ||
| 490 |
_aEstates Gazette _v[1998] EGCS 70 (09/05/1998) |
||
| 520 | _a"McDonnell v Griffey and another" ChD 27 April 1998. Lessee covenanting to use flat solely as a private residence in `single occupation` - lessor declaring that he would apply restrictive interpretation should flat be sold to friends or an unmarried couple - lessee seeking declaration showing lessor to be in error - declaratory relief refused. | ||
| 650 | _aDECLARATORY RELIEF | ||
| 650 | _aMCDONNELL V GRIFFEY AND ANOTHER | ||
| 650 | _aRESTRICTIVE COVENANT | ||
| 650 | _aSINGLE OCCUPATION | ||
| 690 | _aLANDLORD AND TENANT-CASE LAW-RESIDENTIAL TENANCIES | ||
| 942 | _n0 | ||
| 948 | _c15/05/1998 | ||
| 999 |
_c54254 _d54254 |
||